| 000 | 00765cam a2200265 4500500 | ||
|---|---|---|---|
| 005 | 20260329003735.0 | ||
| 041 | _afre | ||
| 042 | _adc | ||
| 100 | 1 | 0 |
_aHemmerich, Margot _eauthor |
| 245 | 0 | 0 | _aLa démocratie, ça devrait être quoi ? |
| 260 | _c2016. | ||
| 500 | _a11 | ||
| 690 | _aBirgitta Jónsdóttir | ||
| 690 | _aChristophe Guilluy | ||
| 690 | _aDémocratie | ||
| 690 | _aJulia Reda | ||
| 690 | _aPierre Rosanvallon | ||
| 690 | _aPolitique | ||
| 690 | _aPouvoir | ||
| 690 | _aRousseau | ||
| 690 | _aSaillans | ||
| 690 | _aTocqueville | ||
| 786 | 0 | _nPhilosophie magazine | 104 | 11 | 2016-11-01 | p. 35-35 | 1951-1787 | |
| 856 | 4 | 1 | _uhttps://shs.cairn.info/magazine-philosophie-magazine-2016-11-page-35?lang=fr&redirect-ssocas=7080 |
| 999 |
_c1827243 _d1827242 |
||